Essential food hygiene / (Record no. 14556)
[ view plain ]
| 000 -LEADER | |
|---|---|
| fixed length control field | 00552nam a2200193 a 4500 |
| 003 - CONTROL NUMBER IDENTIFIER | |
| control field | PILC |
| 005 - DATE AND TIME OF LATEST TRANSACTION | |
| control field | 20150112093436.0 |
| 008 - FIXED-LENGTH DATA ELEMENTS--GENERAL INFORMATION | |
| fixed length control field | 100717s19uu xx 00 eng d |
| 020 ## - INTERNATIONAL STANDARD BOOK NUMBER | |
| International Standard Book Number | 0901619116 |
| 050 ## - LIBRARY OF CONGRESS CALL NUMBER | |
| Classification number | TX 911.3 |
| Item number | .D676 1993 |
| 082 ## - DEWEY DECIMAL CLASSIFICATION NUMBER | |
| Classification number | HSSF 614.31 |
| Item number | D72 1993 |
| 100 ## - MAIN ENTRY--PERSONAL NAME | |
| Personal name | Donaldson, R.J. |
| 9 (RLIN) | 16017 |
| 245 ## - TITLE STATEMENT | |
| Title | Essential food hygiene / |
| 250 ## - EDITION STATEMENT | |
| Edition statement | 2nd ed. |
| 260 ## - PUBLICATION, DISTRIBUTION, ETC. (IMPRINT) | |
| Place of publication, distribution, etc | St. George Drive, London : |
| Name of publisher, distributor, etc | The Royal Society of Health, |
| Date of publication, distribution, etc | 1993. |
| 300 ## - PHYSICAL DESCRIPTION | |
| Extent | 72 pages : |
| Other physical details | illustration ; |
| Dimensions | 18 cm. |
| 650 ## - SUBJECT ADDED ENTRY--TOPICAL TERM | |
| Topical term or geographic name as entry element | Food Hygiene |
| 9 (RLIN) | 16018 |
| 942 ## - ADDED ENTRY ELEMENTS (KOHA) | |
| Source of classification or shelving scheme | Library of Congress Classification |
| Koha item type | Books |
| Withdrawn status | Lost status | Source of classification or shelving scheme | Damaged status | Home library | Current library | Shelving location | Date acquired | Total Checkouts | Total Renewals | Full call number | Barcode | Date last seen | Date checked out | Copy number | Price effective from | Koha item type | Source of acquisition | Public note |
|---|---|---|---|---|---|---|---|---|---|---|---|---|---|---|---|---|---|---|
| Library of Congress Classification | Southville International School Affiliated with Foreign Universities Library | Southville International School Affiliated with Foreign Universities Library | Southville Foreign University Section | 08/31/2013 | 1 | 34 | TX 911.3 .D676 1993 | SFU0469 | 05/15/2018 | 09/14/2017 | 1 | 08/31/2013 | Books | |||||
| Library of Congress Classification | Southville International School Affiliated with Foreign Universities Library | Southville International School Affiliated with Foreign Universities Library | Southville Foreign University Section | 08/31/2013 | TX 911.3 .D676 1993 | SFU0470 | 05/15/2018 | 2 | 08/31/2013 | Books | ||||||||
| Library of Congress Classification | Southville International School Affiliated with Foreign Universities Library | Southville International School Affiliated with Foreign Universities Library | Southville Foreign University Section | 08/31/2013 | TX 911.3 .D676 1993 | SFU0471 | 05/15/2018 | 3 | 08/31/2013 | Books | ||||||||
| Withdrawn | Library of Congress Classification | Southville International School Affiliated with Foreign Universities Library | Southville International School Affiliated with Foreign Universities Library | 07/30/2015 | TX 911.3 .D676 1993 | SFU2444 | 05/15/2018 | 07/30/2015 | Books | Donation | Books donated | |||||||
| Withdrawn | Library of Congress Classification | Southville International School Affiliated with Foreign Universities Library | Southville International School Affiliated with Foreign Universities Library | 07/30/2015 | TX 911.3 .D676 1993 | SFU2445 | 05/15/2018 | 07/30/2015 | Books | Donation | Books donated |